00860nam a22002297a 4500999001900000005001700019010001500036020002600051035001400077037001300091082001500104100001400119245011700133260009100250270004900341300004000390700001600430700001500446700001700461942002900478952012300507 c186983d18698320220401123217.0 aENG-132117 a978190343053c4500.00 aEN-115649 bDBAD/PUB a588.095483 aMufeed, B aBryophytes of Anamudi shola National park in western Ghats of Kerala, india/cB Mufeed, C.N. Manju & K.P. Rajesh aKeralabCenter for Research in Indigenous knowledge , scinece & Culture(CRIKSC)c2021 aD - 37 , Jawahar Nagar , Kozhikodebkerala,  axiii, 458pc24cm(hbk)bBibliography aManju, C.N. aMufeed, B. aRajesh, K.P. 2ddccENmBRYh588.095483 001040718NFICaAVbAVd2022-03-24eDBADg4500.00l0o588.095483 MUFpEN-115649r2022-03-24 00:00:00t1v4500.00yEN